Statistics for Words that End in "-imp"

Click here to take the quiz!

General Stats

  • This quiz has been taken 111 times
  • The average score is 9 of 12

Answer Stats

Answer% Correct
Limp
98%
Pimp
89%
Chimp
84%
Blimp
81%
Wimp
80%
Simp
77%
Crimp
75%
Gimp
71%
Shrimp
70%
Primp
62%
Skimp
44%
Scrimp
22%

Score Distribution

Percentile by Number Answered

Percent of People with Each Score

Your Score History

You have not taken this quiz